00319nam a2200085 a 450000500170000000800410001705000210005810000230007924501310010220140408090028.0021126s19uu xx 00 eng d aPHS '00bIg5 #17 aIgnacio, Mary Iris aA Comparative study on the different therapeutic benefits that male and female faculty members drive from listening to music.